000
00238 a2200097 4500
001
48482
100
_a
Hinrichs, J.R
245
_a
Practical management for productivity
260
_a
New York
_b
Van Nostrand rein
_c
090
_c
31418
_d
31418
942
_a
NUST-CAE
_c
M
_c
23801
999
_c
283555
_d
283555